<?xml version="1.0" encoding="UTF-8"?>
<record
    xmlns:xsi="http://www.w3.org/2001/XMLSchema-instance"
    xsi:schemaLocation="http://www.loc.gov/MARC21/slim http://www.loc.gov/standards/marcxml/schema/MARC21slim.xsd"
    xmlns="http://www.loc.gov/MARC21/slim">

  <leader>     nam a22     7a 4500</leader>
  <datafield tag="999" ind1=" " ind2=" ">
    <subfield code="c">148761</subfield>
    <subfield code="d">148759</subfield>
  </datafield>
  <controlfield tag="005">20190529134408.0</controlfield>
  <controlfield tag="008">190529b        mx ||||| |||| 00| 0 spa d</controlfield>
  <datafield tag="020" ind1=" " ind2=" ">
    <subfield code="a">9786078528585 (ITESO)</subfield>
  </datafield>
  <datafield tag="020" ind1=" " ind2=" ">
    <subfield code="a">9786078116874 (UMSNH)</subfield>
  </datafield>
  <datafield tag="020" ind1=" " ind2=" ">
    <subfield code="a">9786078112517 (Universidad Iberoamericana Le&#xF3;n)</subfield>
  </datafield>
  <datafield tag="020" ind1=" " ind2=" ">
    <subfield code="a">9786077901907 (Universidad Iberoamericana Puebla)</subfield>
  </datafield>
  <datafield tag="050" ind1="0" ind2="4">
    <subfield code="a">BX3712.A1</subfield>
    <subfield code="b">A43 2017</subfield>
  </datafield>
  <datafield tag="100" ind1="1" ind2=" ">
    <subfield code="a">Alc&#xE1;ntara Bojorge, Dante Alberto </subfield>
  </datafield>
  <datafield tag="245" ind1="1" ind2="0">
    <subfield code="a">Historias en tiempos de desolaci&#xF3;n</subfield>
    <subfield code="b"> : la memoria hist&#xF3;rica de la compa&#xF1;ia de Jes&#xFA;s en M&#xE9;xico siglos XVIII-XIX</subfield>
    <subfield code="c"> / Dante Alberto Alc&#xE1;ntara Bojorge</subfield>
  </datafield>
  <datafield tag="250" ind1=" " ind2=" ">
    <subfield code="a">1a ed. </subfield>
  </datafield>
  <datafield tag="260" ind1=" " ind2=" ">
    <subfield code="a">Guadalajara, M&#xE9;xico : </subfield>
    <subfield code="b">ITESO, Universidad Jesuita de Guadalajara; </subfield>
    <subfield code="a">Morelia, Michoac&#xE1;n :</subfield>
    <subfield code="b">Universidad Michoacana de San Nicol&#xE1;s de Hidalgo;</subfield>
    <subfield code="a">Le&#xF3;n, Guanajuato, M&#xE9;xico : </subfield>
    <subfield code="b">Universidad Iberoamericana Le&#xF3;n;</subfield>
    <subfield code="a">Puebla, M&#xE9;xico : </subfield>
    <subfield code="b">Universidad Iberoamericana Puebla,</subfield>
    <subfield code="c">2017</subfield>
  </datafield>
  <datafield tag="300" ind1=" " ind2=" ">
    <subfield code="a">423 p. ; </subfield>
    <subfield code="c">23 cm. </subfield>
  </datafield>
  <datafield tag="490" ind1="0" ind2=" ">
    <subfield code="a">Historia</subfield>
  </datafield>
  <datafield tag="504" ind1=" " ind2=" ">
    <subfield code="a">Bibliograf&#xED;a: p. 397-423</subfield>
  </datafield>
  <datafield tag="600" ind1="1" ind2=" ">
    <subfield code="a">Alegre, Francisco Javier,</subfield>
    <subfield code="d">1729-1788</subfield>
  </datafield>
  <datafield tag="650" ind1=" " ind2="7">
    <subfield code="2">lemb</subfield>
    <subfield code="a">Jesuitas</subfield>
    <subfield code="z">M&#xE9;xico</subfield>
    <subfield code="x">Historiograf&#xED;a</subfield>
  </datafield>
  <datafield tag="650" ind1=" " ind2="7">
    <subfield code="2">lemb</subfield>
    <subfield code="a">Iglesia Cat&#xF3;lica</subfield>
    <subfield code="z">M&#xE9;xico</subfield>
    <subfield code="x">Historiograf&#xED;a</subfield>
  </datafield>
  <datafield tag="942" ind1=" " ind2=" ">
    <subfield code="2">lcc</subfield>
    <subfield code="c">LIB</subfield>
  </datafield>
  <datafield tag="952" ind1=" " ind2=" ">
    <subfield code="1">0</subfield>
    <subfield code="2">lcc</subfield>
    <subfield code="4">0</subfield>
    <subfield code="7">0</subfield>
    <subfield code="a">INV-033</subfield>
    <subfield code="b">INV-033</subfield>
    <subfield code="c">GENERAL</subfield>
    <subfield code="d">2019-05-29</subfield>
    <subfield code="k">EH</subfield>
    <subfield code="o">BX3712.A1 A43 2017 </subfield>
    <subfield code="p">IIH000028299</subfield>
    <subfield code="r">2019-05-29 00:00:00</subfield>
    <subfield code="t">C:1</subfield>
    <subfield code="y">LIB</subfield>
  </datafield>
  <datafield tag="952" ind1=" " ind2=" ">
    <subfield code="1">0</subfield>
    <subfield code="2">lcc</subfield>
    <subfield code="4">0</subfield>
    <subfield code="7">0</subfield>
    <subfield code="a">INV-033</subfield>
    <subfield code="b">INV-033</subfield>
    <subfield code="c">GENERAL</subfield>
    <subfield code="d">2019-05-29</subfield>
    <subfield code="k">EH</subfield>
    <subfield code="o">BX3712.A1 A43 2017 </subfield>
    <subfield code="p">IIH000028300</subfield>
    <subfield code="r">2019-05-29 00:00:00</subfield>
    <subfield code="t">C:2</subfield>
    <subfield code="y">LIB</subfield>
  </datafield>
</record>
